00716nam a22002297a 450000500170000001000110001702000100002803500110003803700160004904000120006508200150007710000160009224501990010825000110030726000300031827000350034830000260038350000500040965000140045965000100047370000030048320170124110201.0 a290973 c00.00 a290973 bCen Lib/Ret aDPLbEN a364.4bSET aSethna,M.J. aSociety and the criminal :cby M.J.Sethna bwith special reference to the problems of crime and its prevention, the personality of the criminal prison reform and juvenile delinquency in India. / a2nd ed aBombaybKitab Mahalc1964 a7th, Khetwadi bBombaye400001 axxii,454p. c19cm(Hb) aIncludes bibliographical reference and index  aCriminals aCrime